[Event "ROM-ch U12"]
[Site "Calimanesti"]
[Date "2013.04.05"]
[Round "6"]
[White "Todorut, Ovidiu Stefan"]
[Black "Florian Nilas, Rodrigo Tiago"]
[Result "1-0"]
[WhiteElo "1573"]
[BlackElo "1540"]
[PlyCount "65"]
[EventDate "2013.04.02"]
[EventType "swiss"]
[EventRounds "9"]
[EventCountry "ROU"]
[SourceTitle "CBM 153 Extra"]
[Source "ChessBase"]
[SourceDate "2013.04.22"]
[SourceVersion "1"]
[SourceVersionDate "2013.04.22"]
[SourceQuality "1"]

1. e4 Nf6 2. e5 Nd5 3. d4 d6 4. c4 Nb6 5. exd6 exd6 6. Nf3 Bg4 7. h3 Bh5 8. Bd3 Nc6 9. Be3 Be7 10. 0-0 Qd7 11. Nc3 Bg6 12. Bxg6 hxg6 13. d5 Ne5 14. Nxe5 dxe5 15. c5 Nc4 16. Qe2 Nxe3 17. Qxe3 Bf6 18. f4 0-0 19. Rad1 Rfe8 20. Ne4 Qb5 21. f5 gxf5 22. Nxf6+ gxf6 23. Rxf5 Qa4 24. Qg3+ Kf8 25. Rd2 Qc4 26. Rdf2 Qxc5 27. Rxf6 Qxd5 28. Qg6 Ke7 29. Rxf7+ Kd8 30. Qc2 Qa5 31. Qd3+ Kc8 32. Qd7+ Kb8 33. Qxe8# 1-0

[Event "ROM-ch U12"]
[Site "Calimanesti"]
[Date "2013.04.04"]
[Round "4"]
[White "Todorut, Ovidiu Stefan"]
[Black "Buga, Andru Mihai"]
[Result "0-1"]
[WhiteElo "1573"]
[BlackElo "1558"]
[PlyCount "112"]
[EventDate "2013.04.02"]
[EventType "swiss"]
[EventRounds "9"]
[EventCountry "ROU"]
[SourceTitle "CBM 153 Extra"]
[Source "ChessBase"]
[SourceDate "2013.04.22"]
[SourceVersion "1"]
[SourceVersionDate "2013.04.22"]
[SourceQuality "1"]

1. e4 c5 2. Nf3 Nc6 3. d4 cxd4 4. Nxd4 e5 5. Nf3 Nf6 6. Nc3 Bb4 7. Bd3 d5 8. a3 Bxc3+ 9. bxc3 dxe4 10. Qe2 exd3 11. cxd3 0-0 12. 0-0 Bf5 13. Rd1 Qc7 14. Bg5 Nd5 15. Rac1 h6 16. Bh4 Rfe8 17. Bg3 Qe7 18. Nh4 Bh7 19. c4 Nf4 20. Bxf4 exf4 21. Qxe7 Rxe7 22. d4 Rd8 23. d5 Ne5 24. Re1 g5 25. Nf3 Nxf3+ 26. gxf3 Rxe1+ 27. Rxe1 Kf8 28. Re5 f6 29. Re1 Bd3 30. Rc1 Ke7 31. Rc3 Bf5 32. Kf1 Kd6 33. Ke2 Rc8 34. Rb3 b6 35. Rb4 Kc5 36. Kd2 Re8 37. Kc3 Bd7 38. Kd3 Re1 39. h3 Ra1 40. Rb3 Ba4 41. Rc3 Ra2 42. Ke4 Bc2+ 43. Rxc2 Rxc2 44. Kf5 Rxf2 45. Kxf6 Rxf3 46. Ke7 Re3+ 47. Kd7 Rd3 48. Kc7 f3 49. d6 Rxd6 50. a4 f2 51. a5 f1Q 52. axb6 Qf7+ 53. Kc8 Kxb6 54. c5+ Kxc5 55. h4 Re6 56. hxg5 Re8# 0-1